| 000 | 00602nmm a2200193Ia 4500 | ||
|---|---|---|---|
| 008 | 251105s9999||||xx |||||||||||||||||und|| | ||
| 020 | _a9788498952438 | ||
| 041 | _aspa | ||
| 100 | _aJurado Morales, José | ||
| 245 | 0 | _aConciencia y memoria. La poesía de Antonio Jiménez Millán | |
| 264 |
_a[Madrid, España] : _bVisor Libros, _c2020 |
||
| 300 | _a352 páginas | ||
| 490 | _aBiblioteca Filológica Hispana | ||
| 650 | _aSpanish literature | ||
| 700 | _aJurado Morales, José | ||
| 700 | 1 | _a Jurado Morales, José | |
| 856 | _uhttps://public.digitaliapublishing.com/a/102105 | ||
| 942 | _cCF | ||
| 999 |
_c67359 _d67359 |
||